Normal view MARC view
  • Ludlum, Robert,

Entry Personal Name

Number of records used in: 1

001 - CONTROL NUMBER

  • control field: 33723

003 - CONTROL NUMBER IDENTIFIER

  • control field: OSt

005 - DATE AND TIME OF LATEST TRANSACTION

  • control field: 20130923132125.0

008 - FIXED-LENGTH DATA ELEMENTS

  • fixed length control field: 130923|| aca||aabn | a|a d

040 ## - CATALOGING SOURCE

  • Original cataloging agency: OSt
  • Transcribing agency: OSt

100 ## - HEADING--PERSONAL NAME

  • Personal name: Ludlum, Robert,
  • Dates associated with a name: 1927-2001.
  • Title of a work: Altman code.

670 ## - SOURCE DATA FOUND

  • Source citation: Work cat.: (OSt)0: Lynds, Gayle. 33718, Robert Ludlum's The Altman code /, 2003.